Visualizzazione normale
Vista MARC
- Gerald O’Coliins
di Personal Name
Records bibliografici associati: 1
001 - CONTROL NUMBER
- control field: 36083
003 - CONTROL NUMBER IDENTIFIER
- control field: IT-RoPau
005 - DATE AND TIME OF LATEST TRANSACTION
- control field: 20151004114036.0
008 - FIXED-LENGTH DATA ELEMENTS
- fixed length control field: 151004|| aca||aabn | a|a d
040 ## - CATALOGING SOURCE
- Original cataloging agency: IT-RoPau
- Transcribing agency: IT-RoPau
100 ## - HEADING--PERSONAL NAME
- Personal name: Gerald O’Coliins
670 ## - SOURCE DATA FOUND
- Source citation: Work cat.: (IT-RoPau)32835: Gerald O’Coliins, Cristologia. Uno studio biblico storico e sistematico su Gesù Cristo. Biblioteca di Teologia Contemporanea 90